Cardinal invariants on Boolean algebras
Αποθηκεύτηκε σε:
| Κύριος συγγραφέας: | |
|---|---|
| Μορφή: | Βιβλίο |
| Γλώσσα: | English |
| Δημοσίευση: |
Basel ; Boston :
Birkhauser,
c1996
|
| Σειρά: | Progress in mathematics (Boston, Mass.)
; 142 |
| Θέματα: | |
| Ετικέτες: |
Προσθήκη ετικέτας
Δεν υπάρχουν, Καταχωρήστε ετικέτα πρώτοι!
|
MARC
| LEADER | 00000nam a2200000 i 4500 | ||
|---|---|---|---|
| 001 | 1/91443 | ||
| 008 | 991018s1999 eng d | ||
| 020 | |a 376435402X | ||
| 035 | |l 10053593 | ||
| 040 | |a GR-MY-UA |b gre |e aacr | ||
| 041 | 0 | |a eng | |
| 082 | 0 | |a 511.324 | |
| 100 | 1 | |a Monk, James Donald |d 1930- | |
| 245 | 1 | 0 | |a Cardinal invariants on Boolean algebras / |c J. Donald Monk |
| 260 | |a Basel ; Boston : |b Birkhauser, |c c1996 | ||
| 300 | |a ix, 298 p.; |b ill.; |c 24 cm. | ||
| 490 | 1 | |a Progress in mathematics (Boston, Mass.) |v ; 142 | |
| 500 | |a Includes bibliographical references and indexes | ||
| 650 | 0 | 0 | |a Algebra, Boolean. |
| 650 | 0 | 0 | |a Functions. |
| 650 | 0 | 0 | |a Cardinal numbers. |
| 830 | 0 | |a Progress in mathematics (Boston, Mass.) |v ; 142 | |
| 852 | |a INST |b SAMOS |e 19991018 |h 511.324 MON |p 005300012498 |q 005300012498 |t BK |y 0 | ||
| 901 | |a BIBL3-1999-3 | ||
| 909 | |a Σ |b 063285 | ||
| 922 | |a 3ΕΛΗ |b 199907 |c ΕΠΕΑΕΚ/ΜΑΘ |d ΠΑΠΑΣΩΤΗΡΙΟΥ | ||
| 970 | |a ΓΕΝΟΥΖΟΥ |b ΧΡΥΣΑΝΘΗ |z 1999/10/18 | ||